000 01019naa a22002897a 4500
001 BR8305613
003 BR-BrBNA
005 20240918175351.0
007 ta
008 230509b bl.||||| |||| 00| 0 por d
040 _aBR-BrBNA
_bpor
_cBiblioteca Nacional de Agricultura
041 _a(Pt)
072 _aF21; F27
090 _aF21 BR8305613
100 1 _aKnapper, C.F.U.
111 1 _a2. Encontro Nacional de Plantio Direto
_cPonta Grossa, PR (Brazil)
_d3 Feb 1983
245 1 _aManejo e vida do solo [plantio direto, fauna edafica]
260 3 _aPonta Grossa, PR (Brasil):
_c1983.
500 _aAnais do 2. Encontro Nacional de Plantio Direto Ponta Grossa, PR (Brasil): 1983. p. 213-224 (BR8305613-AM)F21
650 _aFAUNA EDAFICA
650 _aSOLO
650 _aCOBERTURA MORTA
650 _aPLANTIO DIRETO
773 0 _tAnais do 2. Encontro Nacional de Plantio Direto
_wF21 BR8305613
_gPonta Grossa, PR (Brasil), 1983. p. 213-224
909 _a202404
_bLucia
_c55
_dLucia Elande
942 _cAM
_2AGRIS
999 _c316353
_d316353